000
00204 a2200097 4500
001
5787
100
_a
Kline,M
245
_a
Mathematics & the physical world
260
_a
_b
Thomas
_c
090
_c
4759
_d
4759
942
_a
NUST-CAE
_c
_c
31110
999
_c
240860
_d
240860